000 00261nam a2200097Ia 4500
001 1211475
005 20250827024437.0
008 250824s9999 xx 000 0 und d
245 0 _aTALAT PAŞANIN EVRAKI METRUKESİ
_cMURAT BARDAKÇI
260 _bEVEREST YAYINLARI
999 _c1211475
_d1211475